|
|
|
|
| LEADER |
00000nam0a2200000 4500 |
| 001 |
60813 |
| 005 |
20231101211914.0 |
| 035 |
|
|
|a (RuTPU)RU\TPU\book\64301
|
| 090 |
|
|
|a 60813
|
| 100 |
|
|
|a 20040220d1979 m y0rusy50 ca
|
| 101 |
0 |
|
|a rus
|
| 102 |
|
|
|a RU
|
| 105 |
|
|
|a a j 001zy
|
| 200 |
1 |
|
|a Лабораторный практикум по охране труда
|e учебное пособие
|f Н. Д. Золотницкий [и др.]
|
| 210 |
|
|
|a Москва
|c Высшая школа
|d 1979
|
| 215 |
|
|
|a 215 с.
|c ил.
|
| 320 |
|
|
|a Библиогр.: с. 214.
|
| 606 |
|
|
|a Труд на предприятиях
|2 stltpush
|3 (RuTPU)RU\TPU\subj\61965
|9 79126
|
| 610 |
1 |
|
|a охрана труда
|
| 610 |
1 |
|
|a лабораторные практикумы
|
| 610 |
1 |
|
|a промышленные предприятия
|
| 610 |
1 |
|
|a практическое пособие
|
| 610 |
1 |
|
|a производственная санитария
|
| 610 |
1 |
|
|a техника безопасности
|
| 610 |
1 |
|
|a пожарная профилактика
|
| 610 |
1 |
|
|a теоретические проблемы
|
| 610 |
1 |
|
|a установки
|
| 610 |
1 |
|
|a приборы
|
| 610 |
1 |
|
|a методики
|
| 610 |
1 |
|
|a оформление
|
| 610 |
1 |
|
|a результаты
|
| 610 |
1 |
|
|a учебные пособия
|
| 675 |
|
|
|a 658.3(076.5)
|v 3
|
| 701 |
|
1 |
|a Золотницкий
|b Н. Д.
|g Николай Дмитриевич
|
| 701 |
|
1 |
|a Орлов
|b Г. Г.
|g Геннадий Григорьевич
|
| 701 |
|
1 |
|a Смирнов
|b С. Г.
|g Сергей Георгиевич
|
| 701 |
|
1 |
|a Барбинов
|b Ф. А.
|g Федор Алексеевич
|
| 701 |
|
1 |
|a Долин
|b П. А.
|g Петр Алексеевич
|
| 702 |
|
1 |
|a Золотницкий
|b Н. Д.
|g Николай Дмитриевич
|4 340
|
| 801 |
|
1 |
|a RU
|b 63413507
|c 20040220
|g PSBO
|
| 801 |
|
2 |
|a RU
|b 63413507
|c 20220506
|g PSBO
|
| 942 |
|
|
|c BK
|